| 000 | 00946nam a2200253 i 4500 | ||
|---|---|---|---|
| 001 | 192246 | ||
| 003 | SpMaBN | ||
| 005 | 20250811104137.0 | ||
| 008 | 221128q19111928sp a | |||| 000 0 spa | ||
| 040 |
_aSpMaBN _bspa _cSpMaBN _erdc |
||
| 080 | _a7(460.183 P.) | ||
| 100 | 1 |
_aVielva Ramos, Matías. _9114582 |
|
| 245 | 1 | 0 |
_aPalencia / _ccuarenta y ocho ilustraciones, con texto de Matías Vielva. |
| 260 |
_aBarcelona : _bHijos de J. Thomas, _c[entre 1911-1928] |
||
| 300 |
_a27 p., 48 p. de lám. ; _c15 cm. |
||
| 490 | 1 |
_aEl arte en España / bajo el patronato de la Comisaría Regia del Turismo y Cultura Artística ; _v16 |
|
| 546 | _aTexto en español, francés e inglés. | ||
| 650 | 4 |
_aArte- _zPalencia. _9175881 |
|
| 710 | 1 |
_aEspaña. _bComisaría Regia del Turismo. _9175864 |
|
| 830 | 1 | 3 |
_aEl arte en España _v16 _9193591 |
| 852 | 4 |
_aES-MaACL _jC-32216(4) |
|
| 999 |
_c192246 _d192246 |
||